| 000 | 01420nam a2200265Ia 4500 | ||
|---|---|---|---|
| 999 |
_c56315 _d56315 |
||
| 001 | 23428 | ||
| 003 | GE_BSU | ||
| 005 | 20260115210033.0 | ||
| 008 | 181216s1940||||ge |||||||||||||| ||geo|| | ||
| 040 | _cGE_BSU | ||
| 041 | _ageo | ||
| 080 | _a94(37) ს-42 | ||
| 100 |
_aსერგეევი, ვ. ს. _926691 |
||
| 245 |
_aძველი რომის ისტორიის ნარკვევები : _b[დამხმ. სასწ. წიგნი ისტ. ფაკულტეტებისათვის].ნაწ. 1 / _cვ.ს. სერგეევი ; რედ.: გ. გოზალიშვილი ; მთარგმ.: მ. ბერძენიშვილი. |
||
| 264 |
_aთბილისი : _bსტალინის სახ. სახელმწ. უნ-ტის გამ-ბა, _c1940. |
||
| 300 |
_a472 გვ. ; _c21 სმ. |
||
| 504 | _aბიბლიოგრ. შენიშვნებში | ||
| 541 | _h10 ლ. | ||
| 653 | _aისტორია | ||
| 653 | _aძველი რომის ისტორია | ||
| 653 | _aძველი რომის ისტორიის ნარკვევები. ნაწ. 1 | ||
| 700 |
_aგოზალიშვილი, გ. _eრედაქტორი _926692 |
||
| 700 |
_aბერძენიშვილი, მ. _eმთარგმნელი _918011 |
||
| 942 |
_cBK _2udc |
||